ბათუმის შოთა რუსთაველის სახელმწიფო უნივერსიტეტის ბიბლიოთეკა

ნიკო მარი : (ბიბ.ჩანაწერი № 55743)

000 -ლიდერი
ფიქსირებული სიგრძის საკონტროლო ველი 01120nam a2200253Ia 4500
001 - საკონტროლო ნომერი
საკონტროლო ველი 22838
003 - საკონტროლო ნომრის იდენტიფიკატორი
საკონტროლო ველი GE_BSU
005 - ბოლო ოპერაციის თარიღი და დრო
საკონტროლო ველი 20230522105315.0
008 - ფიქსირებული სიგრძის მონაცემთა ელემენტები - ზოგადი ინფორმაცია
ფიქსირებული სიგრძის საკონტროლო ველი 181216s ||||ge |||||||||||||| ||geo||
040 ## - კატალოგიზაციის წყარო
Transcribing agency GE_BSU
041 ## - ენის კოდი
Language code of text/sound track or separate title geo
080 ## - უნივერსალური ათობითი კლასიფიკაციის ინდექსი
Universal Decimal Classification number 008(479.22)(09) ძ-63
100 ## - მთავარი ჩანაწერი - პიროვნების სახელი
Personal name ძიძიგური, შ.
9 (RLIN) 18168
245 ## - ცნობა სათაურის შესახებ
Title ნიკო მარი :
Remainder of title ქართული კულტურის მკვლევარი /
Statement of responsibility, etc შ. ძიძიგური ; რედ. შ. დარახველიძე ; მხატვ. ჯ.ყავლაშვილი.
264 ## - წარმოების, გამოცემის, დისტრიბუციის და სხვა ცნობები
გამოცემის, წარმოების, დისტრიბუციის... ადგილი თბილისი :
გამოცემის, წარმოების, დისტრიბუციის... სახელწოდება ნაკადული,
გამოცემის, წარმოების, დისტრიბუციის... თარიღი 1965.
300 ## - ფიზიკური აღწერა
Extent 107გვ. :
Other physical details 1ფ. პორტრ. ;
Dimensions 20სმ..
653 ## - INDEX TERM--UNCONTROLLED
Uncontrolled term ნიკო მარი
653 ## - INDEX TERM--UNCONTROLLED
Uncontrolled term ქართული კულტურის მკვლევარი
653 ## - INDEX TERM--UNCONTROLLED
Uncontrolled term ქართული ენა
700 ## - ADDED ENTRY--PERSONAL NAME
Personal name დარახველიძე, შ.
Relator term რედაქტორი
9 (RLIN) 14754
700 ## - ADDED ENTRY--PERSONAL NAME
Personal name ყავლაშვილი, ჯ
Relator term მხატრული
9 (RLIN) 5903
942 ## - ADDED ENTRY ELEMENTS (KOHA)
Koha item type წიგნი
Source of classification or shelving scheme
ეგზემპლარები
ჩამოწერის სტატუსი დაკარგული ეგზემპლარის სტატუსი კლასიფიკაციის წყარო ან თაროზე გაწყობის სქემა დაზიანების სტატუსი არ გაიცემა მუდმივი მდებარეობა (დაცვის ადგილი) ამჟამინდელი ადგილსამყოფელი თაროზე განთავსების ადგილი შეძენის თარიღი ღირებულება, შესყიდვის ნორმალური ფასი სრული შენახვის შიფრი შტრიხკოდი ბოლო ოპერაციის თარიღი ეგზემპლარის მიმდევრობითი ნომერი (კეტერი?) ფასის ძალაში შესვლის თარიღი ეგზემპლარის სახეობა საჯარო შენიშვნა
          ბათუმის შოთა რუსთაველის სახელმწიფო უნივერსიტეტის მთავარი ბიბლიოთეკა ბათუმის შოთა რუსთაველის სახელმწიფო უნივერსიტეტის მთავარი ბიბლიოთეკა წიგნსაცავი 2018-12-17 62.00 008(479.22)(09) ძ-63 58283 2018-12-17 58283 2018-12-17 წიგნი 62.00 ₾.
          ბათუმის შოთა რუსთაველის სახელმწიფო უნივერსიტეტის მთავარი ბიბლიოთეკა ბათუმის შოთა რუსთაველის სახელმწიფო უნივერსიტეტის მთავარი ბიბლიოთეკა წიგნსაცავი 2018-12-17 62.00 008(479.22)(09) ძ-63 58284 2018-12-17 58284 2018-12-17 წიგნი 62.00 ₾.
          ბათუმის შოთა რუსთაველის სახელმწიფო უნივერსიტეტის მთავარი ბიბლიოთეკა ბათუმის შოთა რუსთაველის სახელმწიფო უნივერსიტეტის მთავარი ბიბლიოთეკა წიგნსაცავი 2018-12-17 62.00 008(479.22)(09) ძ-63 58285 2018-12-17 58285 2018-12-17 წიგნი 62.00 ₾.